00963nam a22002777a 45000010005000000030006000050050017000110080041000280200018000690400029000870500015001160820011001311000021001422450045001632500047002082600038002553000051002934900032003445050008003765200170003845210020005545210020005746500022005946500025006167000044006415299FISKH20241125114140.0241125b cb ||||| |||| 00| 0 eng d a9780439203401 aFISKHbengcFISKHdFISKH aPZ7.E72554 a813.54 aErdrich, Louise  aThe Birchbark House /cby Louise Erdrich aFirst Scholastic printing , September 2000 aNew York :bScholastic ;c1999 . a239 pages : billustrations , maps ;c20 cm .  aThe Birchbark HousevBook 1 aZ  aOmakayas, a seven-year-old Native American girl of the Ojibwa tribe, lives through the joys of summer and the perils of winter on an island in Lake Superior in 1847.8 a970 bLexile 8 aZ bRaz-Plus  asmallpoxvFiction ayoung adultvFiction aEekelen-Benders, Aleid vanetranslator